00475cam a2200157 a 4500020002400000040000800024082002600032245005500058260006700113300003900180490001700219500001700236500001700253650001700270710003000287 a090838629X (pbk.) : cDLC00a331 CIT 1983 C153 Or.00a1980 census :bemployment analysis and evaluation. aCape Town :bCity Engineer's Dept., City of Cape Town,cc1983. aiv, 52, 4 leaves :bill. ;c30 cm.1 aTMS report ; aCover title. a"June 1983." 0aLabor supply1 aCape Town (South Africa).